[Event "Budapest op"]
[Site "Budapest"]
[Date "1990.??.??"]
[Round "?"]
[White "Almasi, Zoltan"]
[Black "Roos, Jean Luc"]
[Result "0-1"]
[WhiteElo "2245"]
[BlackElo "2310"]

1.e4 e6 2.d4 d5 3.e5 c5 4.c3 Nd7 5.f4 Ne7 6.Be3 Qb6 7.Qd2 Nf5 8.Bf2 h5 9.Nf3 Nb8
10.Rg1 Nc6 11.g3 Bd7 12.h3 Be7 13.g4 hxg4 14.hxg4 Nh4 15.Nxh4 Bxh4 16.Bxh4 Rxh4
17.Qf2 cxd4 18.Qxh4 dxc3 19.Nxc3 Qxg1 20.Qh8+ Ke7 21.Qxa8 Qe3+ 22.Kd1 Qf2
23.Rc1 Qxf1+ 24.Kc2 Qc4 25.Kb1 d4 26.Nd1 Qd3+ 27.Ka1 Nb4 28.a3 Nc2+ 29.Ka2 Bc6
30.Qc8 Bd5+ 31.Kb1 Nxa3+ 32.Ka1 Nc2+ 33.Rxc2 Qxd1+ 34.Rc1 Qa4+ 35.Kb1 Ba2+  0-1

[Event "Spring op"]
[Site "Budapest"]
[Date "1990.??.??"]
[Round "8"]
[White "Almasi, Zoltan"]
[Black "Manca, Federico"]
[Result "0-1"]
[WhiteElo "2245"]
[BlackElo "2350"]

1.e4 d6 2.d4 Nf6 3.Nc3 g6 4.f4 Bg7 5.Nf3 O-O 6.Bd3 Na6 7.e5 Ng4 8.h3 Nh6
9.Be3 c5 10.Qd2 cxd4 11.Bxd4 Nb4 12.g4 dxe5 13.fxe5 Nxg4 14.Be4 Nh6 15.Qf2 Bf5
16.Rd1 Bxe4 17.Nxe4 Qd5 18.Nc3 Qc4 19.b3 Qe6 20.Ne4 Nf5 21.Bb2 Qc6 22.Nc3 Nxc2+
23.Ke2 Bh6 24.Rd3 Rfd8 25.Rhd1 Qa6 26.Ne4 Rxd3 27.Rxd3 Nb4 28.Nc5 Qxa2 29.Kf1 Nxd3
30.Nxd3 Qxb3  0-1

[Event "HUN-chop"]
[Site "Gyor"]
[Date "1990.??.??"]
[Round "2"]
[White "Almasi, Zoltan"]
[Black "Zsinka, Laszlo"]
[Result "1-0"]
[WhiteElo "2265"]
[BlackElo "2380"]

1.e4 e5 2.Nf3 Nc6 3.Bc4 Nf6 4.d3 Be7 5.O-O O-O 6.c3 d6 7.Nbd2 Na5 8.Re1 Nxc4
9.Nxc4 h6 10.h3 Be6 11.Ne3 Re8 12.g4 g6 13.c4 Bf8 14.Bd2 Bg7 15.Kh2 c6 16.Bc3 Qb6
17.Qd2 Qc7 18.Rg1 Kh7 19.Rg3 Rad8 20.Rag1 Bc8 21.h4 d5 22.exd5 cxd5 23.g5 d4
24.gxf6 dxc3 25.bxc3 Bxf6 26.Nd5 Rxd5 27.cxd5 Qd6 28.c4 e4 29.Re1 Bf5 30.dxe4 Bxe4
31.Kg1 Qd8 32.Qf4 Bf5 33.Rxe8 Qxe8 34.h5 Qe2 35.hxg6+ fxg6 36.d6 Bg7 37.Qd2 Qxd2
38.Nxd2 Be5 39.Rb3 b6 40.c5 Be6 41.Re3  1-0

[Event "Honved"]
[Site "Budapest"]
[Date "1991.??.??"]
[Round "?"]
[White "Almasi, Zoltan"]
[Black "Schlosser, Philipp"]
[Result "1/2-1/2"]
[WhiteElo "2400"]
[BlackElo "2485"]

1.e4 c5 2.Nf3 d6 3.d4 cxd4 4.Nxd4 Nf6 5.Nc3 a6 6.f4 e6 7.Qf3 Nbd7 8.Bd3 Nc5
9.g4 b5 10.g5 Nfd7 11.a3 Bb7 12.Be3 g6 13.h4 e5 14.Nde2 exf4 15.Bxf4 Bg7
16.Bxd6 Ne5 17.Bxe5 Bxe5 18.O-O-O O-O 19.Kb1 Qe7 20.Qh3 Rab8 21.h5 Bc6 22.Nd5 Bxd5
23.exd5 Rfd8 24.hxg6 fxg6 25.b4 Na4 26.Qe6+ Qxe6 27.dxe6 Nb2 28.Rde1 Nxd3
29.cxd3 Rxd3 30.Nc1 Rd5 31.Rd1 Rxd1 32.Rxd1 Re8 33.Nd3 Bd6 34.Re1 Be7 35.Re5 Kf8
36.Nc5 Bxc5 37.bxc5 Ke7 38.Kc2 Rf8 39.Kc3 Rf4 40.Rd5 Rc4+ 41.Kb3 Kxe6 42.Rd6+ Kf5
43.Rxa6 Rxc5 44.Kb4 Rc7 45.Ra5 Kxg5 46.a4 h5 47.axb5 Kf4 48.b6 Rc8 49.Kb5 g5
50.b7 Rb8 51.Ra4+ Kg3 52.Ra3+ Kh4 53.Kc6 g4 54.Ra8 Rxb7 55.Kxb7 g3 56.Rg8 Kh3
57.Kc6 h4 58.Kd5 Kg2 59.Ke4 Kf2 60.Rf8+ Kg1 61.Kf3 g2 62.Rg8 h3 63.Rg7 Kh1
64.Kf2 h2 65.Rxg2  1/2-1/2

[Event "Honved"]
[Site "Budapest"]
[Date "1991.??.??"]
[Round "?"]
[White "Petrosian, Arshak B"]
[Black "Almasi, Zoltan"]
[Result "1/2-1/2"]
[WhiteElo "2505"]
[BlackElo "2400"]

1.Nf3 Nf6 2.c4 e6 3.g3 d5 4.Bg2 dxc4 5.Qa4+ Nbd7 6.Qxc4 c5 7.Qb3 Be7 8.Nc3 O-O
9.d3 Bd6 10.O-O a6 11.a4 Bc7 12.Nd2 Rb8 13.Nc4 b6 14.Rd1 Qe7 15.h3 Rd8 16.Be3 Nf8
17.Bd2 h6 18.Be1 N8h7 19.Ne3 Bb7 20.Bxb7 Rxb7 21.Qc4 Ra7 22.d4 cxd4 23.Rxd4 Rc8
24.Rad1 Raa8 25.Qb3 Rab8 26.Nc4 e5 27.Nd5  1/2-1/2

[Event "Honved"]
[Site "Budapest"]
[Date "1991.??.??"]
[Round "1"]
[White "Csom, Istvan"]
[Black "Almasi, Zoltan"]
[Result "1/2-1/2"]
[WhiteElo "2460"]
[BlackElo "2400"]

1.c4 c5 2.Nf3 Nc6 3.b3 Nf6 4.Bb2 g6 5.Nc3 Bg7 6.g3 O-O 7.Bg2 d5 8.Nxd5 Nxd5
9.Bxg7 Kxg7 10.cxd5 Qxd5 11.O-O Bg4 12.Rc1 Rac8 13.Rc4 Bxf3 14.Bxf3 Qd6 15.Qa1+ f6
16.Bxc6 Rxc6 17.d3 Rfc8 18.Rfc1 Qd5 19.R1c2 b5 20.Re4 R8c7 21.Qc1 Qd6 22.Qe3 e5
23.f4 Re7 24.Kf2 Kf7 25.fxe5 Rxe5 26.Rxe5 Qxe5 27.b4 Qxe3+ 28.Kxe3 Re6+ 29.Kd2 cxb4
30.Rc7+ Re7 31.Rc6 Re6  1/2-1/2

[Event "Cansys IM-A"]
[Site "Budapest"]
[Date "1991.??.??"]
[Round "2"]
[White "Almasi, Zoltan"]
[Black "Schwarz, Michael"]
[Result "1/2-1/2"]
[WhiteElo "2340"]
[BlackElo "2315"]

1.e4 c6 2.d4 d5 3.e5 Bf5 4.h4 h5 5.c4 e6 6.Nc3 Be7 7.Nf3 Bg4 8.Qb3 Qb6 9.cxd5 Bxf3
10.Qxb6 axb6 11.gxf3 cxd5 12.Bb5+ Nc6 13.Na4 Ra5 14.Bxc6+ bxc6 15.Nxb6 Ra6
16.Nc8 Bf8 17.Nd6+ Bxd6 18.exd6 Kd7 19.Rg1 g6 20.Bf4 Nh6 21.Bxh6 Rxh6 22.Kd2 Rh8
23.Rgc1 Kxd6 24.f4 Rha8 25.a3 Ra4 26.Kc3 c5 27.dxc5+ Kc6 28.b4 Rxa3+ 29.Kb2 R3a4
30.Rxa4 Rxa4 31.Kc3 Ra3+ 32.Kb2 Ra4 33.Kc3 Kb5 34.Rb1 Ra2 35.Rb2 d4+ 36.Kc2 d3+
37.Kc3 Ra3+ 38.Kd4 f6 39.Ke4 Rc3 40.Ke3 f5 41.Kd2 Rc4 42.Kxd3 Rxf4 43.Re2 Rxb4
44.Rxe6  1/2-1/2

[Event "Spring op"]
[Site "Budapest"]
[Date "1991.??.??"]
[Round "2"]
[White "Kovacs, Janos"]
[Black "Almasi, Zoltan"]
[Result "1-0"]
[WhiteElo "2345"]
[BlackElo "2340"]

1.d4 Nf6 2.c4 e6 3.Nf3 b6 4.g3 Ba6 5.b3 Bb4+ 6.Bd2 Be7 7.Bg2 c6 8.Nc3 d5
9.cxd5 cxd5 10.Ne5 Nfd7 11.Nxd7 Nxd7 12.O-O O-O 13.Re1 Rc8 14.e4 dxe4 15.Nxe4 Nf6
16.Nxf6+ Bxf6 17.Be3 Qd7 18.Qg4 Bb7 19.Be4 Rfd8 20.Rad1 Bd5 21.f3 Rc3 22.Kf2 Rdc8
23.Re2 g6 24.h4 Bg7 25.Qf4 Bxe4 26.Qxe4 e5 27.d5 Qh3 28.Rg1 f5 29.Qa4 f4
30.gxf4 Qxh4+ 31.Kg2 Rxe3  1-0

[Event "Honved"]
[Site "Budapest"]
[Date "1991.??.??"]
[Round "3"]
[White "Horvath, Zoltan"]
[Black "Almasi, Zoltan"]
[Result "1/2-1/2"]
[WhiteElo "2350"]
[BlackElo "2400"]

1.e4 e5 2.Nf3 Nc6 3.Bb5 a6 4.Ba4 Nf6 5.O-O Be7 6.Bxc6 dxc6 7.d3 Nd7 8.Nbd2 O-O
9.Nc4 f6 10.Nh4 g6 11.Bh6 Rf7 12.f4 exf4 13.Rxf4 Nc5 14.Kh1 Bf8 15.Bxf8 Qxf8
16.Rf2 Be6 17.Na5 Qh6 18.Nf3 Rd8 19.Qe1 Bc8 20.Qb4 Qh5 21.Raf1 Rff8  1/2-1/2

[Event "Schneider mem op"]
[Site "Budapest"]
[Date "1991.??.??"]
[Round "3"]
[White "Videki, Sandor"]
[Black "Almasi, Zoltan"]
[Result "1/2-1/2"]
[WhiteElo "2385"]
[BlackElo "2340"]

1.c4 c5 2.Nf3 Nf6 3.Nc3 Nc6 4.e3 e6 5.d4 cxd4 6.exd4 d5 7.c5 Be7 8.Bb5 O-O
9.O-O Bd7 10.Re1 Rc8 11.Bf4 b6 12.Ba6 bxc5 13.Bxc8 Bxc8 14.dxc5 Bxc5 15.Rc1 Bb7
16.Qb3 Bb6 17.Na4 Ne4 18.Nxb6 axb6 19.Rc2 Ba8 20.Qb5 Qf6 21.Bc7 g5 22.h3 h5
23.Qxb6 Qf5 24.Rec1 g4 25.hxg4 hxg4 26.Nd2 Nb4 27.Nxe4 Nxc2 28.Ng3 Qd3 29.Bd6 Rc8
30.Qa5 Qd4 31.Nf1 Qxb2 32.Qd2 Qc3 33.Qxc3 Rxc3 34.Ne3 Nd4 35.Rb1 Nc6 36.Nxg4 d4
37.Ne5 d3 38.Rd1 Nxe5 39.Bxe5 Ra3 40.Bb2 Rxa2 41.Rxd3 Rxb2  1/2-1/2

[Event "Schneider mem op"]
[Site "Budapest"]
[Date "1991.??.??"]
[Round "4"]
[White "Almasi, Zoltan"]
[Black "Stajcic, Nikola"]
[Result "0-1"]
[WhiteElo "2340"]
[BlackElo "2345"]

1.e4 e6 2.d4 d5 3.Nc3 Bb4 4.e5 Qd7 5.a3 Bxc3+ 6.bxc3 b6 7.Nf3 Ne7 8.Bd3 Ba6
9.Bxa6 Nxa6 10.Qd3 Nb8 11.O-O Nbc6 12.c4 dxc4 13.Qxc4 Na5 14.Qd3 Qd5 15.Rb1 Rc8
16.Be3 Nc4 17.Ng5 h6 18.Ne4 Qc6 19.Rb4 Na5 20.c4 Qd7 21.Rb2 Rd8 22.Rd1 Nf5
23.d5 Nxe3 24.fxe3 exd5 25.cxd5 O-O 26.Qd4 Qe7 27.Rb5 Rfe8 28.d6 cxd6 29.Nxd6 Nc6
30.Qa1 Rf8 31.Qc3 Nb8 32.Rbd5 Qe6 33.e4 Na6 34.Nf5 Rxd5 35.Rxd5 Kh7 36.Rd6 Rc8
37.Qb2 Qc4 38.e6 f6 39.Rd7 Qxe4 40.Rxg7+ Kh8 41.h3 Qxf5 42.Rxa7 Qf4 43.e7 Rc1+
44.Qxc1 Qxc1+ 45.Kf2 Qf4+ 46.Kg1 Qe3+ 47.Kh2 Kg8  0-1

[Event "Autoteam"]
[Site "Budapest"]
[Date "1991.??.??"]
[Round "4"]
[White "Mueller, Karsten"]
[Black "Almasi, Zoltan"]
[Result "1-0"]
[WhiteElo "2425"]
[BlackElo "2400"]

1.e4 e5 2.Nf3 Nc6 3.d4 exd4 4.Nxd4 Nf6 5.Nxc6 bxc6 6.Bd3 d5 7.e5 Ng4 8.O-O Bc5
9.Qe2 Qe7 10.Bf4 g5 11.Bd2 Nxe5 12.Re1 Nxd3 13.Qxd3 Be6 14.b4 Bb6 15.Nc3 O-O
16.Na4 f6 17.Nc5 Bxc5 18.bxc5 Qd7 19.Qd4 Bf5 20.Re3 Kf7 21.Bc3 Kg8 22.h4 h6
23.Rae1 Rf7 24.hxg5 hxg5 25.Rg3 Kh7 26.Rf3 Raf8 27.Qd2 Rg8 28.Bd4 Rg6 29.Rfe3 Rh6
30.f3 g4 31.Re8 Rg6 32.Qf4 Be4 33.Qh2+ Rh6 34.Rh8+ Kxh8 35.Qxh6+ Bh7 36.Bxf6+ Kg8
37.Re5  1-0

[Event "Cansys IM-A"]
[Site "Budapest"]
[Date "1991.??.??"]
[Round "6"]
[White "Pieper Emden, Carsten"]
[Black "Almasi, Zoltan"]
[Result "1/2-1/2"]
[WhiteElo "2405"]
[BlackElo "2340"]

1.d4 Nf6 2.c4 e6 3.g3 d5 4.Nf3 dxc4 5.Bg2 Nbd7 6.Qa4 a6 7.Nc3 Be7 8.Qxc4 b5
9.Qd3 Bb7 10.O-O O-O 11.Bg5 c5 12.dxc5 Nxc5 13.Qe3 b4 14.Bxf6 Bxf6 15.Qxc5 bxc3
16.bxc3 Rc8 17.Qa7 Rc7 18.Qb6 Bxc3 19.Rac1 Ba5 20.Qb1 Ba8 21.Rxc7 Bxc7 22.Rd1 Qf6
23.Qc2 Bb8 24.Ng5 Qxg5 25.Bxa8 Bxg3 26.hxg3 Rxa8 27.Qc6 Rb8 28.Qxa6 h5 29.Qc4 Rb2
30.Kf1 Qf5 31.a4 Qa5 32.Qe4 g6 33.Rd7 Rb4 34.Qf3 Qf5 35.Qxf5 exf5 36.a5 Ra4
37.Rd5 Kg7 38.e3 h4 39.gxh4 Rxh4 40.a6 Ra4 41.Rd6 Kh6 42.Kg2 Kg5 43.Kg3 Ra3
44.f4+ Kh6 45.Kf3 Ra2 46.Rb6 Kg7  1/2-1/2

[Event "Schneider mem op"]
[Site "Budapest"]
[Date "1991.??.??"]
[Round "6"]
[White "Almasi, Zoltan"]
[Black "Kovacevic, Veljko"]
[Result "1-0"]
[WhiteElo "2340"]
[BlackElo "2320"]

1.e4 c5 2.Nf3 d6 3.d4 cxd4 4.Nxd4 Nf6 5.Nc3 e5 6.Nb3 Be7 7.Bg5 O-O 8.Qd2 a5
9.Bb5 Nbd7 10.Bxd7 Qxd7 11.a4 Qc6 12.Bxf6 Bxf6 13.Rd1 Bg4 14.f3 Bh4+ 15.Ke2 Be6
16.Qxd6 Qc4+ 17.Qd3 Qb4 18.Nd5 Qxa4 19.Ra1 Qc6 20.g3 Bd8 21.Nxa5 Qd7 22.Nc4 Rxa1
23.Rxa1 Bxd5 24.Qxd5 Qh3 25.Ra8 Qg2+ 26.Kd3 Qf1+ 27.Kc3 Qxf3+ 28.Qd3 Qf6
29.Kb3 b5 30.Nd6 b4 31.Qd5 h5 32.Nc4 h4 33.Nxe5 Be7 34.Rxf8+ Bxf8 35.gxh4 g6
36.h5 gxh5 37.Nd7 Qf3+ 38.Qd3 Qxd3+ 39.cxd3 Bd6 40.Nf6+ Kf8 41.Nxh5 Bxh2
42.Nf6  1-0

[Event "Spring op"]
[Site "Budapest"]
[Date "1991.??.??"]
[Round "7"]
[White "Almasi, Zoltan"]
[Black "Cvitan, Ognjen"]
[Result "1/2-1/2"]
[WhiteElo "2340"]
[BlackElo "2535"]

1.e4 c5 2.Nf3 e6 3.d4 cxd4 4.Nxd4 Nf6 5.Nc3 d6 6.g4 Nc6 7.g5 Nd7 8.Be3 Be7
9.h4 O-O 10.Qh5 a6 11.O-O-O Nxd4 12.Bxd4 b5 13.Bd3 Ne5 14.f4 Nxd3+ 15.Rxd3 b4
16.Ne2 Qa5 17.Kb1 e5 18.Be3 Be6 19.b3 d5 20.Qf3 f5 21.gxf6 Bxf6 22.f5 dxe4
23.Qxe4 Bf7 24.Bg5 Rad8 25.Rg1 Bxg5 26.hxg5 Rxd3 27.Qxd3 g6 28.f6 Rd8 29.Qh3 h5
30.gxh6 Kh7 31.Ng3 Qc5 32.Rc1 Qe3 33.Qg4 Qf4 34.Qh3 e4 35.Rf1 Qe5 36.Qg2 Rd4
37.Nf5 Rd7 38.Ng3 Qg5 39.Qh3 Rd4 40.Qc8 Qd5 41.Qf8 Rd1+ 42.Rxd1 Qxd1+ 43.Kb2 Qd4+
44.Kb1 Qd1+ 45.Kb2 Qd4+ 46.Kb1  1/2-1/2

[Event "Schneider mem op"]
[Site "Budapest"]
[Date "1991.??.??"]
[Round "7"]
[White "Kiss, Laszlo"]
[Black "Almasi, Zoltan"]
[Result "0-1"]
[WhiteElo "2275"]
[BlackElo "2340"]

1.e4 e5 2.Nf3 Nc6 3.Bb5 a6 4.Bxc6 dxc6 5.O-O f6 6.d4 exd4 7.Nxd4 c5 8.Ne2 Qxd1
9.Rxd1 Bd6 10.Bf4 Bxf4 11.Nxf4 Ne7 12.Nc3 Bd7 13.Rd3 O-O-O 14.Rad1 Nc6 15.h3 Rhe8
16.Nh5 Re7 17.Rg3 Nd4 18.Nxg7 b5 19.Kh2 b4 20.Nd5 Rxe4 21.c3 Ne2 22.Re3 Rxe3
23.fxe3 bxc3 24.bxc3 c6 25.Nxf6 Nxc3 26.Rc1 Nxa2 27.Rxc5 Kc7 28.Rc2 Nb4 29.Rd2 a5
30.e4 a4 31.e5 Nd5 32.Nxd5+ cxd5 33.Rxd5 Rg8 34.Nh5 Bc6 35.Rd2 Rxg2+ 36.Rxg2 Bxg2
37.Nf4 Be4 38.Ne2 a3 39.Nc3 Kd8 40.Na2 Bd5 41.Nb4 Bb3  0-1

[Event "Honved"]
[Site "Budapest"]
[Date "1991.??.??"]
[Round "7"]
[White "Baburin, Alexander"]
[Black "Almasi, Zoltan"]
[Result "1/2-1/2"]
[WhiteElo "2480"]
[BlackElo "2400"]

1.d4 Nf6 2.c4 e6 3.Nc3 Bb4 4.Qc2 O-O 5.Nf3 b6 6.e4 d5 7.e5 Ne4 8.Bd3 Bb7
9.O-O Bxc3 10.bxc3 c5 11.cxd5 exd5 12.dxc5 Nd7 13.c6 Bxc6 14.Nd4 Nxe5 15.Nxc6  1/2-1/2

[Event "Cansys IM-A"]
[Site "Budapest"]
[Date "1991.??.??"]
[Round "8"]
[White "Bezold, Michael"]
[Black "Almasi, Zoltan"]
[Result "0-1"]
[WhiteElo "2330"]
[BlackElo "2340"]

1.e4 e5 2.f4 exf4 3.Bc4 Nf6 4.Nc3 c6 5.d4 Bb4 6.e5 Ne4 7.Qf3 d5 8.exd6 Nxd6
9.Bb3 Nf5 10.Ne2 g5 11.h4 Nxh4 12.Rxh4 gxh4 13.Bxf4 O-O 14.O-O-O Qf6 15.Qe3 Bxc3
16.Nxc3 Bg4 17.Bg5 Qg6 18.Rf1 Nd7 19.Bh6 Be6 20.Bxf8 Rxf8 21.d5 cxd5 22.Nxd5 Qg7
23.Qf4 Kh8 24.Qxh4 Qxg2 25.Qd4+ Qg7 26.Qxa7 Bxd5 27.Rg1 Qh6+ 28.Kb1 Qb6  0-1

[Event "Schneider mem op"]
[Site "Budapest"]
[Date "1991.??.??"]
[Round "8"]
[White "Almasi, Zoltan"]
[Black "Mozes, Ervin"]
[Result "0-1"]
[WhiteElo "2340"]
[BlackElo "2375"]

1.e4 Nf6 2.e5 Nd5 3.d4 d6 4.Nf3 c6 5.c4 Nc7 6.Be2 Nd7 7.exd6 exd6 8.Nc3 Be7
9.O-O O-O 10.Bf4 Re8 11.h3 Nf8 12.Qc2 Be6 13.Rfd1 Ng6 14.Bh2 d5 15.Bxc7 Qxc7
16.cxd5 cxd5 17.Bd3 Rac8 18.Bxg6 hxg6 19.Qb3 Qa5 20.a3 Rc7 21.Re1 a6 22.Qa2 Rc4
23.Rad1 Qb6 24.Qb1 Rec8 25.Re5 Qd8 26.Rxe6 fxe6 27.Ne5 Qe8 28.Nxc4 Rxc4 29.Qd3 Bf6
30.Ne2 g5 31.b3 Rc6 32.f4 Qf8 33.fxg5 Bxg5 34.a4 Qf5 35.Qg3 Kh7 36.Rf1 Qg6
37.Nf4 Bxf4 38.Qxf4 Rc3 39.Qh4+ Qh6 40.Qd8 Rc1 41.Rxc1 Qxc1+ 42.Kh2 Qf4+
43.Kh1 Qxd4 44.Qd7 Qa1+ 45.Kh2 Qe5+ 46.Kh1 d4 47.Qd8 Qf6 48.Qd7 Qf1+ 49.Kh2 Qf4+
50.Kh1 Qe4 51.Qe8 Qe1+ 52.Kh2 Qe5+ 53.Kh1 d3 54.Qd8 Qd5  0-1

[Event "Spring op"]
[Site "Budapest"]
[Date "1991.??.??"]
[Round "8"]
[White "Dovzik, Juri"]
[Black "Almasi, Zoltan"]
[Result "0-1"]
[WhiteElo "2435"]
[BlackElo "2340"]

1.e4 e5 2.Nf3 Nc6 3.Bb5 a6 4.Ba4 Nf6 5.O-O Be7 6.Re1 b5 7.Bb3 d6 8.c3 O-O
9.h3 Re8 10.d4 Bf8 11.Nbd2 Bb7 12.Bc2 h6 13.a3 Nb8 14.b3 Nbd7 15.Bb2 g6 16.a4 c6
17.Nf1 Qc7 18.Ng3 Rad8 19.Qd3 Bg7 20.Re3 d5 21.Rae1 dxe4 22.Nxe4 Nd5 23.Neg5 hxg5
24.Nxg5 Nxe3 25.Nxf7 Nf8 26.Nxd8 Nxc2  0-1

[Event "Autoteam"]
[Site "Budapest"]
[Date "1991.??.??"]
[Round "9"]
[White "Horvath, Jozsef"]
[Black "Almasi, Zoltan"]
[Result "1-0"]
[WhiteElo "2540"]
[BlackElo "2400"]

1.d4 Nf6 2.Nf3 e6 3.g3 c5 4.Bg2 Nc6 5.O-O d5 6.c4 dxc4 7.Qa4 cxd4 8.Nxd4 Qxd4
9.Bxc6+ Bd7 10.Rd1 Bxc6 11.Qxc6+ bxc6 12.Rxd4 Be7 13.Rxc4 c5 14.b3 O-O 15.Ba3 Rfd8
16.Nc3 Rac8 17.Rc1 Rd4 18.Nb5 Rxc4 19.Rxc4 Nd5 20.Ra4 Ra8 21.e4 Nb4 22.Nxa7 Nc2
23.Bb2 Bf8 24.Nc6 Rc8 25.Ne5 Rd8 26.Ra7 Rd1+ 27.Kg2 Ne1+ 28.Kh3 f6 29.Nc4 Nd3
30.Kg2 Re1 31.Bc3 Rxe4 32.Kf1 Rg4 33.a4 Nc1 34.h3 Rg6 35.Rb7 Na2 36.Bd2 e5
37.a5 f5 38.Nxe5 Ra6 39.Rb8 Rd6 40.Ke2 Nb4 41.Bxb4 cxb4 42.a6 Rxa6 43.Nd7 Kf7
44.Nxf8 Ra2+ 45.Kf3  1-0

[Event "Cansys IM-A"]
[Site "Budapest"]
[Date "1991.??.??"]
[Round "9"]
[White "Almasi, Zoltan"]
[Black "Arsovic, Goran"]
[Result "0-1"]
[WhiteElo "2340"]
[BlackElo "2340"]

1.e4 c5 2.Nf3 d6 3.d4 cxd4 4.Nxd4 Nf6 5.Nc3 a6 6.Be3 e5 7.Nb3 Be6 8.Qd2 Nbd7
9.f3 b5 10.a4 b4 11.Nd5 Bxd5 12.exd5 Nb6 13.Bxb6 Qxb6 14.a5 Qb7 15.Bc4 Be7
16.Ra4 Rb8 17.Qd3 e4 18.fxe4 O-O 19.Nd4 Nd7 20.Bxa6 Qa8 21.Bb5 Nc5 22.Qc4 Nxa4
23.Bxa4 Qxa5 24.b3 Qb6 25.Ke2 Bf6 26.Nc6 Rb7 27.Rf1 Bc3 28.Kd1 h6 29.Qd3 Qc5
30.Qa6 f5 31.Kc1 Qe3+ 32.Kb1 Rbf7 33.exf5 Rxf5 34.Rd1 Qd2 35.Ne7+ Kh7 36.Rh1 Qxg2
37.Rc1 Rf1 38.Qd3+ g6  0-1

[Event "Spring op"]
[Site "Budapest"]
[Date "1991.??.??"]
[Round "9"]
[White "Sutorikhin, Vladimir"]
[Black "Almasi, Zoltan"]
[Result "1/2-1/2"]
[WhiteElo "2405"]
[BlackElo "2340"]

1.d4 Nf6 2.Nf3 e6 3.c4 b6 4.Nc3 Bb7 5.a3 d5 6.cxd5 Nxd5 7.Qa4+ Qd7 8.Qc2 Nxc3
9.bxc3 c5 10.e4 Nc6 11.Bb5 a6 12.Ne5 Qc7 13.Bxc6+ Bxc6 14.Nxc6 Qxc6 15.d5 exd5
16.exd5 Qxd5 17.O-O O-O-O 18.c4 Qc6 19.Qf5+ Kb7 20.Qxf7+ Rd7 21.Qe8 g6 22.Rb1 Bg7
23.Qe2 Bd4 24.h3 Rf7 25.Bb2 Re8 26.Qd2 Re4 27.Qc2 Bxb2 28.Rxb2 Rff4 29.Rfb1 Rxc4
30.Rxb6+ Qxb6 31.Rxb6+ Kxb6 32.Qb2+ Ka5 33.g3 Rf3 34.Qd2+ Rfc3 35.h4 Ka4
36.Qd7+ Kxa3 37.Qxh7 Rg4 38.Qa7 Ra4 39.Qb6 c4 40.Qxg6 Rc1+ 41.Kg2 c3 42.Qd6+ Kb3
43.Qe6+ Rc4 44.h5 c2 45.Qe3+ Kb2 46.Qb6+ Kc3 47.Qe3+ Kb2 48.Qb6+ Kc3 49.Qe3+ Kb2  1/2-1/2

[Event "Schneider mem op"]
[Site "Budapest"]
[Date "1991.??.??"]
[Round "10"]
[White "Almasi, Zoltan"]
[Black "Rosta, Sandor"]
[Result "1-0"]
[WhiteElo "2340"]
[BlackElo "2305"]

1.e4 e6 2.d4 d5 3.Nc3 Nf6 4.Bg5 Bb4 5.e5 h6 6.Bd2 Bxc3 7.bxc3 Ne4 8.Qg4 Kf8
9.h4 c5 10.Bd3 Nxd2 11.Kxd2 f5 12.exf6 gxf6 13.Qf4 Nc6 14.Nf3 h5 15.Rae1 cxd4
16.cxd4 Ke7 17.Rhg1 Qd6 18.Qe3 Bd7 19.g4 hxg4 20.Rxg4 Raf8 21.Rg7+ Kd8 22.Rb1 b6
23.Bb5 Nb8 24.a4 e5 25.dxe5 fxe5 26.Nxe5 Rxf2+ 27.Qxf2 Qxe5 28.Rbg1 Bxb5
29.axb5 Nd7 30.Rg8+ Kc7 31.Rxh8 Qxh8 32.Rg5 Nf6 33.Qg3+ Kd7 34.Rg7+ Ke6 35.Qh3+ Kd6
36.Qa3+ Ke5 37.Re7+ Kf5 38.Qf3+ Kg6 39.Qg3+ Kf5 40.Re5+  1-0

[Event "Cansys IM-A"]
[Site "Budapest"]
[Date "1991.??.??"]
[Round "10"]
[White "Borriss, Martin"]
[Black "Almasi, Zoltan"]
[Result "0-1"]
[WhiteElo "2340"]
[BlackElo "2340"]

1.e4 e5 2.Nf3 Nc6 3.Bb5 a6 4.Ba4 Nf6 5.O-O Be7 6.Qe2 b5 7.Bb3 O-O 8.c3 d5
9.d3 Bg4 10.Nbd2 dxe4 11.dxe4 Bd6 12.a4 Nh5 13.g3 Na5 14.Bd1 b4 15.Nc4 Nxc4
16.Qxc4 bxc3 17.Qxc3 Nf6 18.Qc2 Rb8 19.Nd2 Bh3 20.Re1 Bb4 21.Bf3 Rb6 22.Rd1 Rd6
23.Nc4 Rxd1+ 24.Qxd1 Qxd1+ 25.Bxd1 Nxe4 26.Nxe5 Re8 27.Nd3 Nc5  0-1

[Event "Autoteam"]
[Site "Budapest"]
[Date "1991.??.??"]
[Round "11"]
[White "Engqvist, Thomas"]
[Black "Almasi, Zoltan"]
[Result "1-0"]
[WhiteElo "2365"]
[BlackElo "2400"]

1.e4 e5 2.Nf3 Nc6 3.Bb5 a6 4.Ba4 Nf6 5.d3 b5 6.Bb3 Be7 7.Nbd2 O-O 8.c3 d6
9.Qe2 Na5 10.Bc2 c5 11.O-O Re8 12.Re1 Bf8 13.Nf1 h6 14.h3 Bb7 15.Ne3 d5 16.Nf5 Qd7
17.Nh2 Kh7 18.Ng4 Nxg4 19.Qxg4 Re6 20.d4 Rg6 21.Qe2 cxd4 22.cxd4 Rc8 23.dxe5 dxe4
24.Nh4 Re6 25.Bxe4+ Bxe4 26.Qxe4+ g6 27.f4 Rc4 28.Qf3 Nc6 29.Qf2 Nd4 30.Rd1 Qc7
31.Kh1 Nc2 32.Rb1 Bc5 33.Qe2 Nd4 34.Qd3 Be7 35.b3 Rc2 36.Qxd4 Bxh4 37.Qd7 Qxd7
38.Rxd7 Rec6 39.Bd2 Kg8 40.a4 Bg3 41.Rd3 h5 42.Rxg3 Rxd2 43.f5 b4 44.Re1 Rc3
45.e6 Rd8 46.e7 Re8 47.Rxc3 bxc3 48.f6  1-0

[Event "Cansys IM-A"]
[Site "Budapest"]
[Date "1991.??.??"]
[Round "11"]
[White "Almasi, Zoltan"]
[Black "Vigh, Bela"]
[Result "0-1"]
[WhiteElo "2340"]
[BlackElo "2340"]

1.e4 c5 2.Nf3 Nc6 3.d4 cxd4 4.Nxd4 Nf6 5.Nc3 e5 6.Ndb5 d6 7.Bg5 a6 8.Na3 b5
9.Bxf6 gxf6 10.Nd5 f5 11.c3 Bg7 12.exf5 Bxf5 13.Nc2 Be6 14.Nce3 O-O 15.Bd3 f5
16.Qh5 e4 17.Bc2 Ne7 18.Nxe7+ Qxe7 19.O-O Rf6 20.Bb3 Bxb3 21.axb3 Qe6 22.c4 bxc4
23.bxc4 Rf7 24.Rad1 Bxb2 25.Rd5 Be5 26.f4 exf3 27.Rxf3 Raf8 28.h3 a5 29.Rxa5 Bd4
30.Qg5+ Rg7 31.Qf4 Be5 32.Qh4 f4 33.Ng4 Qxc4 34.Kh2 Qe6 35.Qh5 Re8 36.Ra6 Qg6
37.Qxg6 Rxg6 38.Ra5 h5 39.Nf2 Re7 40.Nd3 Reg7 41.Ra8+ Kh7 42.Ra2 Rg3 43.Re2 h4
44.Kh1 R7g5 45.Ne1 Kg6 46.Kg1 Bd4+ 47.Kh1 Re5 48.Rxe5 dxe5 49.Rf1 Be3 50.Nc2 Kf5
51.Kh2 Bc5 52.Rd1 Rc3 53.Ne1 e4 54.Rd2 Rc1 55.Re2 Bd6  0-1

[Event "Autoteam"]
[Site "Budapest"]
[Date "1991.??.??"]
[Round "12"]
[White "Almasi, Zoltan"]
[Black "Fette, Martin"]
[Result "1/2-1/2"]
[WhiteElo "2400"]
[BlackElo "2380"]

1.e4 c6 2.d4 d5 3.Nc3 dxe4 4.Nxe4 Bf5 5.Ng3 Bg6 6.h4 h6 7.Nf3 Nd7 8.h5 Bh7
9.Bd3 Bxd3 10.Qxd3 Ngf6 11.Bd2 e6 12.O-O-O Be7 13.Ne4 O-O 14.Nxf6+ Nxf6 15.Ne5 c5
16.dxc5 Qc7 17.Qe2 Qxc5 18.Kb1 Rfd8 19.Rhe1 Rac8 20.c4 b5 21.Rc1 bxc4 22.Rxc4 Qd5
23.Rxc8 Rxc8 24.g4 Ne4 25.Bf4 Ng5 26.Rd1 Qg2 27.a3 Rd8 28.Rxd8+ Bxd8 29.Qc2 Bf6
30.Qc8+ Kh7 31.Qc2+ Kg8  1/2-1/2

[Event "Cansys IM-A"]
[Site "Budapest"]
[Date "1991.??.??"]
[Round "12"]
[White "Petronic, Jovan"]
[Black "Almasi, Zoltan"]
[Result "1/2-1/2"]
[WhiteElo "2355"]
[BlackElo "2340"]

1.e4 e5 2.Nf3 Nc6 3.Bb5 a6 4.Ba4 Nf6 5.O-O Be7 6.Bxc6 dxc6 7.d3 Nd7 8.Nbd2 O-O
9.Nc4 f6 10.Nh4 Nc5 11.Be3 b5 12.Na5 Qe8 13.Nf5 Bxf5 14.exf5 Na4 15.Rb1 Bb4  1/2-1/2

[Event "Autoteam"]
[Site "Budapest"]
[Date "1991.??.??"]
[Round "13"]
[White "Zagrebelny, Sergey"]
[Black "Almasi, Zoltan"]
[Result "1/2-1/2"]
[WhiteElo "2450"]
[BlackElo "2400"]

1.e4 e5 2.Nf3 Nc6 3.Bb5 a6 4.Ba4 Nf6 5.O-O Be7 6.Bxc6 dxc6 7.d3 Nd7 8.Nbd2 O-O
9.Nc4 f6 10.Nh4 Nc5 11.Nf5 Bxf5 12.exf5 Qd5 13.Re1 b5 14.Nd2 Rad8 15.Qe2 Rfe8
16.Ne4 Bf8 17.Nc3 Qd7 18.Qf3 Nb7 19.Ne4 Nd6 20.g4 Nxe4 21.dxe4 Qd4 22.g5 Rd7
23.g6 Qc4 24.Qh3 h6 25.Qb3 Bb4 26.c3 Bc5 27.Be3 Bxe3 28.Rxe3 Rd2 29.Qxc4+ bxc4
30.b3 Rb8 31.Ree1 Kf8 32.Red1 Rxd1+ 33.Rxd1 cxb3 34.axb3 Ke7 35.b4 c5 36.bxc5 a5
37.c4 Rd8 38.Ra1 Ra8 39.f4 exf4 40.Kf2 a4 41.Kf3 a3 42.Ra2 Kd7 43.Kxf4 Kc6
44.e5 fxe5+ 45.Kxe5 Kxc5 46.f6 gxf6+ 47.Kxf6 Kxc4 48.Rc2+ Kb3 49.Rxc7 a2
50.Rc1 a1=Q+ 51.Rxa1 Rxa1 52.g7 Rg1 53.Kf7 Kc4  1/2-1/2

[Event "Festuge op"]
[Site "Festuge"]
[Date "1991.??.??"]
[Round "?"]
[White "Almasi, Zoltan"]
[Black "Jakobsen, Peter"]
[Result "1-0"]
[WhiteElo "2340"]
[BlackElo "2330"]

1.e4 c5 2.Nf3 Nc6 3.d4 cxd4 4.Nxd4 Nf6 5.Nc3 d6 6.Bg5 e6 7.Qd2 Be7 8.O-O-O O-O
9.f4 h6 10.Bh4 e5 11.Nf5 Bxf5 12.exf5 exf4 13.Kb1 d5 14.Bxf6 Bxf6 15.Nxd5 Be5
16.Bc4 b5 17.Bb3 a5 18.a3 a4 19.Ba2 b4 20.Nxb4 Qf6 21.Nd5 Qxf5 22.Qd3 Qg5
23.Qe4 Rab8 24.c3 Rfe8 25.Qxa4 Qxg2 26.Qc2 Qh3 27.Rhf1 Qh4 28.Ka1 Ne7 29.Nb4 Rbd8
30.Rde1 Bb8 31.Re4 Qf6 32.Rfe1 f3 33.Nd5 Rxd5 34.Bxd5 f2 35.Rf1 Qd6 36.Bxf7+ Kxf7
37.Qxf2+  1-0

[Event "Festuge op"]
[Site "Festuge"]
[Date "1991.??.??"]
[Round "?"]
[White "Almasi, Zoltan"]
[Black "Jelling, Erik"]
[Result "1/2-1/2"]
[WhiteElo "2340"]
[BlackElo "2365"]

1.e4 c6 2.d4 d5 3.e5 Bf5 4.h4 h5 5.c4 e6 6.Nc3 Ne7 7.Bg5 Qb6 8.Qd2 Nd7 9.Be3 dxc4
10.Nf3 Qb4 11.a3 Qb3 12.Rc1 Nd5 13.Be2 Be7 14.O-O Bg6 15.Ng5 O-O 16.Nce4  1/2-1/2

[Event "Festuge op"]
[Site "Festuge"]
[Date "1991.??.??"]
[Round "?"]
[White "Ledger, Andrew"]
[Black "Almasi, Zoltan"]
[Result "0-1"]
[WhiteElo "2350"]
[BlackElo "2340"]

1.Nf3 Nf6 2.g3 d5 3.Bg2 Bf5 4.O-O e6 5.d3 Be7 6.Nbd2 O-O 7.Qe1 h6 8.e4 Bh7
9.Kh1 c5 10.Ng1 Nc6 11.f4 Rc8 12.e5 Nd7 13.Ndf3 c4 14.dxc4 Nb4 15.cxd5 Nxc2
16.Qd1 Nxa1 17.d6 Nc2 18.dxe7 Qxe7 19.Nd4 Rfd8 20.Nge2 Nb6 21.b3 Nxd4 22.Nxd4 Rxc1  0-1